Politická dimenzia občianskej spoločnosti

Dominantné fragmenty historického vývoja občianskej spoločnosti, ktoré sa podpísali pod jej súčasnú podobu. Východiská a možnosti riešenia aktuálneho stavu modernizačných procesov vo verejnej sfére v kontexte nazerania na e-participáciu ako na jeden z možných nástrojov sociálnej zmeny.

Enregistré dans:
Détails bibliographiques
Auteur principal: Džatková, Veronika
Format: Chapitre de livre
Langue:slovaque
Sujets:
Tags: Ajouter un tag
Pas de tags, Soyez le premier à ajouter un tag!

MARC

LEADER 00000naa a2200000 4500
001 0246032
005 20180625131327.5
041 0 |a slo 
044 |a SK 
245 1 0 |a Politická dimenzia občianskej spoločnosti  |c Veronika Džatková 
520 |a Dominantné fragmenty historického vývoja občianskej spoločnosti, ktoré sa podpísali pod jej súčasnú podobu. Východiská a možnosti riešenia aktuálneho stavu modernizačných procesov vo verejnej sfére v kontexte nazerania na e-participáciu ako na jeden z možných nástrojov sociálnej zmeny. 
610 2 0 |a spoločnosť občianska 
610 2 0 |a záujmy verejné 
610 2 0 |a demokratizácia 
610 2 0 |a sociológia 
610 2 0 |a politológia 
100 1 |a Džatková, Veronika